WiMAX : (Record no. 188482)
[ view plain ]
| 000 -LEADER | |
|---|---|
| fixed length control field | 01184 a2200277 4500 |
| 003 - CONTROL NUMBER IDENTIFIER | |
| control field | Nust |
| 005 - DATE AND TIME OF LATEST TRANSACTION | |
| control field | 20220817124837.0 |
| 010 ## - LIBRARY OF CONGRESS CONTROL NUMBER | |
| LC control number | 2007296519 |
| 020 ## - INTERNATIONAL STANDARD BOOK NUMBER | |
| International Standard Book Number | 0470028084 (hbk.) |
| 020 ## - INTERNATIONAL STANDARD BOOK NUMBER | |
| International Standard Book Number | 9780470028087 (hbk.) |
| 035 ## - SYSTEM CONTROL NUMBER | |
| System control number | (OCoLC)71808066 |
| 035 ## - SYSTEM CONTROL NUMBER | |
| System control number | (OCoLC)ocm71808066 |
| 040 ## - CATALOGING SOURCE | |
| Transcribing agency | Nust |
| 082 04 - DEWEY DECIMAL CLASSIFICATION NUMBER | |
| Classification number | 621.38212,NUA |
| 100 1# - MAIN ENTRY--PERSONAL NAME | |
| Personal name | Nuaymi, Loutfi. |
| 9 (RLIN) | 97782 |
| 245 10 - TITLE STATEMENT | |
| Title | WiMAX : |
| Remainder of title | technology for broadband wireless access / |
| Statement of responsibility, etc. | Loutfi Nuaymi. |
| 260 ## - PUBLICATION, DISTRIBUTION, ETC. | |
| Place of publication, distribution, etc. | Chichester, England ; |
| -- | Hoboken, NJ : |
| Name of publisher, distributor, etc. | John Wiley, |
| Date of publication, distribution, etc. | c2007. |
| 300 ## - PHYSICAL DESCRIPTION | |
| Extent | xxv, 283 p. ; |
| Other physical details | ill. ; |
| Dimensions | 25 cm. |
| 505 ## - FORMATTED CONTENTS NOTE | |
| Formatted contents note | global Introduction to WiMAX (Page-1), WiMAX Physical Layer (Page-43), WiMAX Multiple Access (MAC Layer) and QoS Management (Page-81), Diverse Topics (Page-183), |
| 650 #0 - SUBJECT ADDED ENTRY--TOPICAL TERM | |
| Topical term or geographic name entry element | IEEE 802.16 (Standard) |
| 9 (RLIN) | 97106 |
| 650 #0 - SUBJECT ADDED ENTRY--TOPICAL TERM | |
| Topical term or geographic name entry element | Telecommunication engineering |
| 856 42 - ELECTRONIC LOCATION AND ACCESS | |
| Materials specified | Contributor biographical information |
| Uniform Resource Identifier | <a href="http://www.loc.gov/catdir/enhancements/fy0741/2007296519-b.html">http://www.loc.gov/catdir/enhancements/fy0741/2007296519-b.html</a> |
| 856 42 - ELECTRONIC LOCATION AND ACCESS | |
| Materials specified | Publisher description |
| Uniform Resource Identifier | <a href="http://www.loc.gov/catdir/enhancements/fy0741/2007296519-d.html">http://www.loc.gov/catdir/enhancements/fy0741/2007296519-d.html</a> |
| 856 42 - ELECTRONIC LOCATION AND ACCESS | |
| Materials specified | Table of contents only |
| Uniform Resource Identifier | <a href="http://www.loc.gov/catdir/enhancements/fy0741/2007296519-t.html">http://www.loc.gov/catdir/enhancements/fy0741/2007296519-t.html</a> |
| 942 ## - ADDED ENTRY ELEMENTS (KOHA) | |
| Koha item type | Reference |
| Source of classification or shelving scheme | |
| Withdrawn status | Lost status | Source of classification or shelving scheme | Damaged status | Not for loan | Permanent Location | Current Location | Shelving location | Date acquired | Full call number | Barcode | Date last seen | Price effective from | Koha item type | Public note |
|---|---|---|---|---|---|---|---|---|---|---|---|---|---|---|
| Military College of Signals (MCS) | Military College of Signals (MCS) | Reference | 12/12/2016 | 621.38212,NUA | MCS34698 | 12/08/2016 | 12/12/2016 | Reference | Almirah No.22, Shelf No.3 |
